al-Riwāyāt al-mufīdah fī ʻilm al-tirājīdah /
Main Author:
Other Authors:
Format: Book
Language:
Arabic
French
Published:
Miṣr :
[al-Maṭbaʿah al-Sharqīyah],
1311 [1893].
Subjects:
Tags: Add Tag
Call Number: ( RA )PJ7840 .A385 R59 1893
| LEADER | 01319nam a2200301Ia 4500 | ||
|---|---|---|---|
| 003 | OSt | ||
| 005 | 20240612074754.0 | ||
| 008 | 130303s1893 ua 000 0 ara d | ||
| 952 | |0 0 |1 0 |2 lcc |4 0 |7 1 |9 29103 |a ARCE |b ARCE |d 2022-01-25 |l 0 |o ( RA )PJ7840 .A385 R59 1893 |p 1029087 |r 2022-01-25 00:00:00 |w 2022-01-25 |y BK | ||
| 999 | |c 27323 |d 27323 | ||
| 040 | |c ARCE Library | ||
| 041 | 1 | |a ara |h fre | |
| 043 | |a f-ua--- | ||
| 050 | 4 | |a ( RA )PJ7840 .A385 R59 1893 | |
| 100 | 1 | |6 880-01 |a Jalāl, Muḥammad ʻUthmān, |d 1829-1898, |e author | |
| 245 | 1 | 3 | |6 880-02 |a al-Riwāyāt al-mufīdah fī ʻilm al-tirājīdah / |c li-Muḥammad ʻUthmān Jalāl. |
| 264 | 1 | |a Miṣr : |b [al-Maṭbaʿah al-Sharqīyah], |c 1311 [1893]. | |
| 300 | |a 138 pages ; |c 20 cm. | ||
| 500 | |a Translation and adaptation of three plays by Jean Racine. | ||
| 600 | 0 | 0 | |a Alexander, |c the Great, |d 356 B.C.-323 B.C. |
| 600 | 0 | 0 | |a Muḥammad ʻAlī Bāshā, |c Governor of Egypt, |d 1769-1849. |
| 650 | 0 | |a Arabic literature |z Egypt. | |
| 650 | 0 | |a Tragedy. | |
| 700 | 1 | |a Racine, Jean, |d 1639-1699. |9 38072 | |
| 880 | 1 | |6 100-01/(3/r |a جلال، محمود عثمان، |d 1829-1898. | |
| 880 | 1 | 2 | |6 245-02/(3/r |a الروايات المفيدة فى علم التراجيدة |c لمحمد عثمان جلال |
| 901 | |a reviewed | ||
| 942 | |c BK |2 lcc | ||
